30 minut v kuchyni /
Uloženo v:
| Korporativní autor: | |
|---|---|
| Médium: | E-kniha |
| Jazyk: | Czech |
| Vydáno: |
Praha :
Verdon Capite s.r.o.,
[2023]
|
| Témata: | |
| Tagy: |
Žádné tagy |
| LEADER | 01623nam a2200409 i 4500 | ||
|---|---|---|---|
| 001 | 311945 | ||
| 003 | CZ PrSKC | ||
| 005 | 20260601215714.0 | ||
| 007 | ta | ||
| 008 | 230214t20232023xr a e f 000 0 cze | ||
| 015 | |a cnb003500798 | ||
| 020 | |a 9788088387695 |q (vázáno) | ||
| 035 | |a (OCoLC)1378696445 | ||
| 040 | |a BOA001 |b cze |e rda | ||
| 072 | 7 | |a 641 |x Kuchařství. Potraviny. Vařená jídla |2 Konspekt | |
| 080 | |a 641.552 |2 MRF | ||
| 080 | |a (083.12) |2 MRF | ||
| 245 | 0 | 0 | |a 30 minut v kuchyni / |c autoři receptů - Tým 30 minut v kuchyni |
| 246 | 3 | |a Třicet minut v kuchyni | |
| 264 | 1 | |a Praha : |b Verdon Capite s.r.o., |c [2023] | |
| 264 | 4 | |c ©2023 | |
| 300 | |a 186 stran : |b barevné ilustrace ; |c 25 cm | ||
| 336 | |a text |b txt |2 rdacontent | ||
| 336 | |a statický obraz |b sti |2 rdacontent | ||
| 337 | |a bez média |b n |2 rdamedia | ||
| 338 | |a svazek |b nc |2 rdacarrier | ||
| 500 | |a Obálkový podnázev: chutně, snadno a bez námahy, aneb, více než 80 receptů, se kterými si v kuchyni odpočinete | ||
| 650 | 0 | 7 | |a rychlá jídla |7 ph436720 |2 czenas |
| 650 | 0 | 9 | |a quick meals |2 eczenas |
| 655 | 7 | |a kuchařské recepty |7 fd132687 |2 czenas | |
| 655 | 9 | |a cookbooks |2 eczenas | |
| 710 | 2 | |a 30 minut v kuchyni (autorský tým) |7 xx0279363 |4 aut | |
| 900 | |a ABA001 |b 19 | ||
| 044 | |a xr | ||
| 910 | |a RBIT002 | ||
| 998 | |d 376592 |a https://core.palmknihy.cz/api/books/376592/cover?rurp8q |b https://core.palmknihy.cz/api/books/376592/cover/400?rurp8q |c https://core.palmknihy.cz/api/books/376592/cover/50?rurp8q |e 2030-12-31 |g 192 |i 9788088387695 |l |q 49 |r 1 |s https://www.palmknihy.cz/kniha/376592 |t ebook |y 2023 |z 0 | ||
| 999 | |d 311943 | ||